000 00629cam a2200169 4500
001 ABS61021
008 000000n1999 000 0 eng u
035 _a(Sirsi) u101575
100 _aColby, A.
245 _aHold on, that's my land.
260 _c1999
490 _aEstates Gazette
_v(9928) 17 July 1999, 116-117(2)
520 _aDiscusses proposals by the Law Commission to provide better protection for owners of registered land against squatters' adverse possession claims. Outlines the principal recommendations of the consultation paper.
650 _aSQUATTERS
690 _aPROPERTY LAW AND PRACTICE
942 _n0
999 _c60707
_d60707